Media today : a introduction to mass communication
| Main Author: | |
|---|---|
| Published: |
Boston:
Houghton Mifflin Company,
2003.
|
| Edition: | 2nd ed. |
| Subjects: |
| LEADER | 00544cam a2200169 7i4500 | ||
|---|---|---|---|
| 001 | 0000033980 | ||
| 005 | 20040313090000.0 | ||
| 020 | # | 0 | |a 0618054383 |
| 090 | 0 | 0 | |a P 90 |b T957 2003 |
| 100 | 1 | # | |a Turow |
| 245 | 0 | 0 | |a Media today : |b a introduction to mass communication |c Joseph Turow. |
| 250 | # | # | |a 2nd ed. |
| 260 | # | # | |a Boston: |b Houghton Mifflin Company, |c 2003. |
| 300 | # | # | |a xxii, 615 p.: |b ill. (some col.); |c 26 cm.. |
| 504 | 0 | 0 | |a Includes bibliographical references and index |
| 650 | 0 | 0 | |a Mass media |
| 999 | |a 1100021537 |b Book |c Open Shelf |e KOLEKSI TERBUKA | ||


